000
00524nam a2200169Ia 4500
008
090711s9999 xx 000 0 und d
082
_b
62829
100
_a
राजपूत रघुवीरसिंह
245
_a
प्रतीक्षा
260
_c
1989
300
_a
101
600
_a
राजपूत रघुवीरसिंह
630
_a
प्रतीक्षा
700
_a
राजपूत रघुवीरसिंह
730
_a
प्रतीक्षा
942
_c
BOOK
999
_c
296007
_d
296007